[Event "Euro Online U2300 Day 1"]
[Site "chess.com INT"]
[Date "2020.05.25"]
[Round "6"]
[White "Brehovsky, Paul"]
[Black "Zasukhin, Vadim"]
[Result "0-1"]
[WhiteElo "2149"]
[BlackElo "2274"]
[WhiteFideId "1616463"]
[BlackFideId "4123450"]
[EventDate "2020.05.25"]

1. d4 Nf6 2. c4 c5 3. d5 b5 4. Nd2 bxc4 5. e4 c3 6. bxc3 g6 7. c4 d6 8. Bb2 Bg7
9. Bd3 O-O 10. Ngf3 Bg4 11. Qc2 Na6 12. a3 Rb8 13. Bc3 Bxf3 14. Nxf3 Nd7 15.
Bxg7 Kxg7 16. Qc3+ f6 17. Ng5 Nc7 18. f4 Nb6 19. a4 Qd7 20. Bc2 Qg4 21. O-O Kg8
22. Bd1 Qd7 23. Nf3 e5 24. a5 Nc8 25. fxe5 dxe5 26. Ba4 Qe7 27. Rab1 Nd6 28. Nd2
Na6 29. Qe3 Rxb1 30. Rxb1 Qc7 31. Bb5 Qxa5 32. Bxa6 Qxa6 33. Qxc5 Rc8 34. Qb4
Nxc4 35. Rc1 Qb6+ 36. Qxb6 Nxb6 37. Rc6 Rxc6 38. dxc6 Kf7 39. c7 Ke6 40. Nc4 Kd7 0-1

[Event "Euro Online U2300 Day 1"]
[Site "chess.com INT"]
[Date "2020.05.25"]
[Round "6"]
[White "Kabadayi, Can"]
[Black "Junge, Kai"]
[Result "1-0"]
[WhiteElo "2176"]
[BlackElo "2181"]
[WhiteFideId "6306810"]
[BlackFideId "4605454"]
[EventDate "2020.05.25"]

1. d4 Nf6 2. c4 g6 3. g3 Bg7 4. Bg2 O-O 5. Nf3 d6 6. O-O Nbd7 7. Nc3 e5 8. e4
exd4 9. Nxd4 Re8 10. Re1 a6 11. h3 Rb8 12. b3 c5 13. Nc2 Qc7 14. Bb2 b5 15. Ne3
Bb7 16. Ned5 Bxd5 17. Nxd5 Nxd5 18. Bxg7 Kxg7 19. Qxd5 bxc4 20. Qxc4 a5 21. Rad1
Rbd8 22. f4 Nb8 23. Qc3+ Kg8 24. e5 dxe5 25. Rxd8 Qxd8 26. Rxe5 Rxe5 27. Qxe5
Qd4+ 28. Qxd4 cxd4 29. Kf2 Na6 30. Ke2 Nc5 31. Bd5 Kf8 32. a3 Ke7 33. b4 axb4
34. axb4 Na6 35. b5 Nc5 36. g4 f6 37. g5 fxg5 38. fxg5 Kd6 39. Bg8 d3+ 40. Ke3
d2 41. Kxd2 Ne4+ 42. Ke3 Nxg5 43. h4 Nh3 44. Bxh7 g5 45. Bf5 Nf4 46. hxg5 Nd5+
47. Kd4 Nc7 48. b6 Nb5+ 49. Kc4 Kc6 50. Bd7+ 1-0

[Event "Euro Online U2300 Day 1"]
[Site "chess.com INT"]
[Date "2020.05.25"]
[Round "6"]
[White "Gombocz, Ferenc Jr."]
[Black "Sorin, Michael"]
[Result "1-0"]
[WhiteTitle "FM"]
[WhiteElo "2209"]
[BlackElo "2219"]
[WhiteFideId "775029"]
[BlackFideId "2805030"]
[EventDate "2020.05.25"]

1. c4 f5 2. g3 Nf6 3. Bg2 g6 4. Nc3 Bg7 5. d3 O-O 6. e4 d6 7. Nge2 Nc6 8. O-O e5
9. Nd5 Be6 10. Bg5 Ne7 11. Nxe7+ Qxe7 12. exf5 gxf5 13. f4 c6 14. fxe5 dxe5 15.
d4 Bxc4 16. Rxf5 exd4 17. Nxd4 Rad8 18. Rc1 Be6 19. Re5 Qd7 20. Rxe6 Qxd4+ 21.
Qxd4 Rxd4 22. Re7 Rf7 23. Rce1 Rd7 24. R7e2 Ng4 25. Re8+ Rf8 26. Rxf8+ Kxf8 27.
h3 Bd4+ 28. Kh1 Nf2+ 29. Kh2 Nd3 30. Rf1+ Kg8 31. b3 Be5 32. Bh6 Bg7 33. Bxg7
Kxg7 34. h4 Ne5 35. Re1 Kf6 36. Re2 Rd1 37. Be4 h5 38. Rf2+ Ke6 39. Re2 Kd6 40.
Kg2 a5 41. Bf3 Nxf3 42. Kxf3 b5 43. g4 hxg4+ 44. Kxg4 Rg1+ 45. Kf5 Rh1 46. Kg5
c5 47. h5 c4 48. bxc4 bxc4 49. Re3 Kd5 50. Ra3 c3 51. Rxc3 Rg1+ 52. Kf6 Rf1+ 53.
Kg6 Rg1+ 54. Kh7 Kd4 55. Rf3 Kc4 56. h6 a4 57. a3 Rg2 58. Kh8 Rg1 59. h7 Rg2 60.
Rf7 Kb3 61. Rg7 Rc2 62. Rg3+ Ka2 63. Kg7 Rc7+ 64. Kh6 Rc6+ 65. Kh5 Rc5+ 66. Kh4
Rc8 67. Rg8 Rc1 68. h8=Q Rh1+ 69. Kg3 Rxh8 70. Rxh8 Kxa3 71. Ra8 Kb3 72. Kf3 a3
73. Ke2 a2 74. Kd2 Kb2 75. Rb8+ Ka3 76. Kc2 a1=Q 77. Ra8+ 1-0

[Event "Euro Online U2300 Day 1"]
[Site "chess.com INT"]
[Date "2020.05.25"]
[Round "6"]
[White "Kharatyan, Roman"]
[Black "Kashtanov, Ruslan"]
[Result "0-1"]
[BlackTitle "IM"]
[WhiteElo "1984"]
[BlackElo "2376"]
[WhiteFideId "13305220"]
[BlackFideId "4124871"]
[EventDate "2020.05.25"]

1. e4 c5 2. Nc3 a6 3. g3 b5 4. Bg2 Bb7 5. d3 e6 6. f4 d5 7. exd5 Nf6 8. Nf3 Nxd5
9. O-O Be7 10. Ne4 Nc6 11. Bd2 O-O 12. Ne5 Nxe5 13. fxe5 Qc7 14. Bf4 Nxf4 15.
gxf4 c4 16. d4 c3 17. bxc3 Rac8 18. Qg4 g6 19. Nf6+ Bxf6 20. Bxb7 Qxb7 21. exf6
Rxc3 22. f5 exf5 23. Rxf5 Rxc2 24. Re1 Qd7 25. Rf4 Qxg4+ 26. Rxg4 Rxa2 27. Re7
b4 28. d5 Rd2 29. Rxb4 Rxd5 30. Rb6 a5 31. Ra6 Rf5 32. Kg2 g5 33. Kg3 h5 34.
Rea7 Kh7 35. Rb6 Kg6 36. Raa6 Rc8 37. Rb7 Rc3+ 38. Kg2 Rc2+ 39. Kg1 h4 40. h3
Rf3 41. Rxa5 Rg3+ 42. Kf1 Rxh3 43. Rbb5 Rh1# 0-1

[Event "Euro Online U2300 Day 1"]
[Site "chess.com INT"]
[Date "2020.05.25"]
[Round "6"]
[White "Medar, Marti"]
[Black "Petricek, Lukas"]
[Result "1-0"]
[WhiteElo "2019"]
[BlackElo "2096"]
[WhiteFideId "4501870"]
[BlackFideId "23703318"]
[EventDate "2020.05.25"]

1. d4 Nf6 2. Bf4 d5 3. e3 Bf5 4. c3 e6 5. Qb3 b6 6. Nf3 Bd6 7. Ne5 O-O 8. Nd2 c5
9. Be2 Qc7 10. Bg3 Nbd7 11. f4 Ne4 12. Nxe4 Bxe4 13. O-O f6 14. Nf3 c4 15. Qd1
b5 16. Nd2 Bg6 17. Bf3 Rab8 18. Kh1 a5 19. e4 Nb6 20. e5 fxe5 21. fxe5 Be7 22.
Bg4 Qc6 23. Nf3 b4 24. Qd2 Bf5 25. Bxf5 Rxf5 26. Nh4 Bxh4 27. Rxf5 exf5 28. Bxh4
bxc3 29. bxc3 Na4 30. Qc2 g6 31. Bf6 Rb2 32. Qc1 Qb7 33. h3 Rb6 34. Qa3 Qd7 35.
Re1 Re6 36. Rb1 Rb6 37. Rxb6 Nxb6 38. Qxa5 Nc8 39. Qa6 Ne7 40. Qd6 Qxd6 41. exd6
Nc6 42. d7 1-0

[Event "Euro Online U2300 Day 1"]
[Site "chess.com INT"]
[Date "2020.05.25"]
[Round "6"]
[White "Kovacevic, Krsto"]
[Black "Volpinari, Danilo"]
[Result "1-0"]
[BlackTitle "FM"]
[WhiteElo "2117"]
[BlackElo "1952"]
[WhiteFideId "14519739"]
[BlackFideId "11800054"]
[EventDate "2020.05.25"]

1. e4 c5 2. Nf3 g6 3. Bc4 Bg7 4. c3 e6 5. d4 Qc7 6. d5 a6 7. a4 b6 8. O-O Bb7 9.
Re1 Nf6 10. Bg5 O-O 11. Bh4 exd5 12. exd5 d6 13. Qd3 Nbd7 14. Nbd2 Ng4 15. Bg3
Nge5 16. Nxe5 Nxe5 17. Bxe5 Bxe5 18. Nf3 Bg7 19. Re2 b5 20. axb5 axb5 21. Rxa8
Rxa8 22. Bxb5 Ra1+ 23. Re1 Rxe1+ 24. Nxe1 Qe7 25. Nf3 Bf6 26. b4 cxb4 27. cxb4
Kg7 28. Bc6 Bc8 29. b5 Bf5 30. Qe3 Qxe3 31. fxe3 Bd8 32. Nd2 Bb6 33. Nc4 Bc5 34.
Kf2 Kf6 35. Ke2 Ke7 36. h3 h5 37. Nd2 Kd8 38. e4 Bc8 39. Kf3 Kc7 40. Be8 g5 41.
Bxf7 g4+ 42. hxg4 hxg4+ 43. Kf4 Bf2 44. Nc4 Bd7 45. b6+ Bxb6 46. Nxb6 Kxb6 47.
Be6 Be8 48. Kxg4 Kc5 49. Kf5 Kd4 50. g4 Ba4 51. Kf4 Bc2 52. Bf5 Bd1 53. g5 Bh5
54. g6 1-0

[Event "Euro Online U2300 Day 1"]
[Site "chess.com INT"]
[Date "2020.05.25"]
[Round "6"]
[White "Bulatov, Ramil"]
[Black "Lund, Terje"]
[Result "0-1"]
[WhiteElo "2222"]
[BlackElo "2104"]
[WhiteFideId "4166140"]
[BlackFideId "1504754"]
[EventDate "2020.05.25"]

1. d4 Nf6 2. Nf3 e6 3. Bg5 d5 4. Nc3 Nbd7 5. e4 Be7 6. e5 Ne4 7. Bxe7 Qxe7 8.
Nxe4 dxe4 9. Nd2 Qb4 10. c3 Qxb2 11. Nxe4 O-O 12. Bd3 c5 13. O-O h6 14. Qg4 f5
15. exf6 Nxf6 16. Qg6 cxd4 17. cxd4 Qxd4 18. Rad1 b6 19. Nxf6+ Qxf6 20. Qh7+ Kf7
21. Be4 Rb8 22. Rd3 Ke7 23. Rg3 Bb7 24. Bxb7 Rxb7 25. Rxg7+ Rf7 26. Rxf7+ Qxf7
27. Qxh6 Rc7 28. Rc1 Rxc1+ 29. Qxc1 Qf5 30. g3 Qa5 31. Qc2 a6 32. h4 Qe5 33.
Qh7+ Kf8 34. Qb7 Qb5 35. Kh2 a5 0-1

[Event "Euro Online U2300 Day 1"]
[Site "chess.com INT"]
[Date "2020.05.25"]
[Round "6"]
[White "Kanyamarala, Tarun"]
[Black "Hansch, Karsten"]
[Result "1/2-1/2"]
[WhiteTitle "FM"]
[BlackTitle "FM"]
[WhiteElo "2381"]
[BlackElo "2300"]
[WhiteFideId "45004714"]
[BlackFideId "24692239"]
[EventDate "2020.05.25"]

1. e4 c6 2. d4 d5 3. e5 Bf5 4. h4 h5 5. c4 e6 6. Nc3 Ne7 7. Nge2 dxc4 8. Ng3 Bd3
9. Bxd3 cxd3 10. Qxd3 Nd5 11. Bg5 Qb6 12. O-O-O Na6 13. Nge4 Nab4 14. Qc4 Qa6
15. Qxa6 Nxa6 16. Rh3 Nac7 17. Na4 b6 18. Rf3 Nb5 19. Kb1 Rc8 20. Nac3 Nbxc3+
21. bxc3 b5 22. a4 a6 23. Kc2 Nb6 24. axb5 cxb5 25. Ra1 Na4 26. Kb3 Rc6 27. Nd2
Be7 28. c4 Bxg5 29. hxg5 Ke7 30. cxb5 axb5 31. Ne4 Rd8 32. Nd6 Rdxd6 33. exd6+
Rxd6 34. Kb4 Rd5 35. Rc1 Nb6 36. Rc7+ Nd7 37. Rb7 Rxd4+ 38. Kxb5 Rd5+ 39. Kc4
Rc5+ 40. Kb4 Rxg5 41. Rd3 Rd5 42. Rxd5 exd5 43. Kc3 Ke6 44. Kd4 Nf6 45. Rb6+ Kf5
46. Rb7 Ke6 47. Ke3 g5 48. f4 g4 49. f5+ Kxf5 50. Rxf7 h4 51. Rf8 h3 52. gxh3
gxh3 53. Kf3 d4 54. Rh8 Ne4 55. Rf8+ Nf6 56. Kg3 d3 57. Rd8 Ke4 58. Rxd3 Kxd3
59. Kxh3 1/2-1/2

[Event "Euro Online U2300 Day 1"]
[Site "chess.com INT"]
[Date "2020.05.25"]
[Round "6"]
[White "Korneevets, Alexander"]
[Black "Burdalev, Kirill"]
[Result "1/2-1/2"]
[WhiteTitle "IM"]
[BlackTitle "FM"]
[WhiteElo "2267"]
[BlackElo "2394"]
[WhiteFideId "13500180"]
[BlackFideId "14121913"]
[EventDate "2020.05.25"]

1. e4 e6 2. d4 d5 3. Nd2 Nf6 4. Bd3 c5 5. c3 Nc6 6. Ngf3 Be7 7. O-O O-O 8. exd5
exd5 9. dxc5 Bxc5 10. Nb3 Bb6 11. h3 Ne4 12. c4 Bf5 13. cxd5 Qxd5 14. Bxe4 Bxe4
15. Qxd5 Bxd5 16. Be3 Bxe3 17. fxe3 Rfe8 18. Kf2 Nb4 19. Rfd1 Bc4 20. Rd4 b5 21.
Rad1 Nc2 22. Rd7 Nxe3 23. Re1 Nf5 24. Rxa7 h6 25. Rxe8+ Rxe8 26. Nbd4 Nxd4 27.
Nxd4 Re4 28. Ra8+ Kh7 29. Rd8 b4 30. b3 Be6 31. Nxe6 Rxe6 32. Rb8 Ra6 33. Rxb4
Rxa2+ 34. Kf3 Rb2 35. Rb7 Kg6 36. b4 h5 1/2-1/2

[Event "Euro Online U2300 Day 1"]
[Site "chess.com INT"]
[Date "2020.05.25"]
[Round "6"]
[White "Zpevakova, Jana"]
[Black "Yelisieiev, Yevhenii"]
[Result "0-1"]
[WhiteTitle "WFM"]
[BlackTitle "IM"]
[WhiteElo "2106"]
[BlackElo "2407"]
[WhiteFideId "334030"]
[BlackFideId "14139642"]
[EventDate "2020.05.25"]

1. d4 d5 2. c4 e6 3. Nf3 Nf6 4. Nc3 Bb4 5. Bg5 dxc4 6. e4 c5 7. e5 cxd4 8. exf6
gxf6 9. Bd2 dxc3 10. bxc3 Bd6 11. Bxc4 Qc7 12. Qe2 Nc6 13. Nd4 a6 14. Nf5 Be5
15. Ng7+ Kf8 16. Bh6 Bxc3+ 17. Kf1 Qe5 18. Nxe6+ Ke7 19. Nc7 Bxa1 20. Nxa8 b5
21. Bd5 Be6 22. Qxe5 Nxe5 23. Nc7 Rc8 24. Nxe6 fxe6 25. Bb3 a5 26. Ke2 a4 27.
Rxa1 axb3 28. axb3 Rc3 29. Ra7+ Nd7 30. b4 Kd6 31. Bd2 Rb3 32. h3 h5 33. g4 hxg4
34. hxg4 Ne5 35. Ra6+ Kd5 36. Rb6 Rb2 37. Rxb5+ Ke4 38. Kd1 Kd3 39. Be3 Rb1+ 40.
Bc1 Nc4 41. Rc5 Nb2+ 42. Ke1 Nc4 43. Kd1 e5 44. b5 Nb2+ 45. Ke1 Na4 46. Rc6 Nc3
47. Kf1 Rxc1+ 48. Kg2 Rb1 49. b6 Nd5 50. Rd6 Kc4 51. Rc6+ Kd4 52. Rd6 Rxb6 53.
Rd8 Rb3 54. Rd7 Ke4 55. Ra7 Nf4+ 56. Kh2 Kf3 57. Rf7 Rb2 58. Rxf6 Rxf2+ 59. Kh1
e4 60. g5 e3 61. Re6 e2 62. g6 Rf1+ 63. Kh2 e1=Q 64. Rxe1 Rxe1 65. g7 0-1

[Event "Euro Online U2300 Day 1"]
[Site "chess.com INT"]
[Date "2020.05.25"]
[Round "6"]
[White "Galiana Fernandez, Adrian"]
[Black "Arias Igual, Alejandro"]
[Result "1-0"]
[WhiteTitle "FM"]
[BlackTitle "FM"]
[WhiteElo "2260"]
[BlackElo "2214"]
[WhiteFideId "32010150"]
[BlackFideId "2254905"]
[EventDate "2020.05.25"]

1. e4 c5 2. Nf3 g6 3. d4 cxd4 4. Qxd4 Nf6 5. Nc3 Nc6 6. Qa4 d6 7. e5 dxe5 8.
Nxe5 Qd4 9. Nxc6 Qxa4 10. Nxa4 bxc6 11. b3 Bg7 12. Bb2 O-O 13. Be2 Bf5 14. c4
Rfd8 15. f3 h5 16. Kf2 Bh6 17. Rhe1 h4 18. g4 Bd3 19. Bxd3 Rxd3 20. Rxe7 Nh7 21.
Rae1 Rf8 22. Nc5 Rd2+ 23. R1e2 Rfd8 24. Bc3 Rxe2+ 25. Kxe2 Bf4 26. Ne6 fxe6 27.
Rg7+ Kf8 28. Rxh7 Bg5 29. Rh8+ Ke7 30. Rxd8 Kxd8 31. h3 Kd7 32. Kd3 c5 33. Ke4
Kd6 34. Be5+ Kc6 35. Bg7 Bc1 36. f4 Kd7 37. Bf6 1-0

[Event "Euro Online U2300 Day 1"]
[Site "chess.com INT"]
[Date "2020.05.25"]
[Round "6"]
[White "Hasanagic, Anel"]
[Black "Poghosyan, Suren"]
[Result "0-1"]
[WhiteTitle "CM"]
[BlackTitle "FM"]
[WhiteElo "2235"]
[BlackElo "2275"]
[WhiteFideId "14605791"]
[BlackFideId "13303201"]
[EventDate "2020.05.25"]

1. e4 e6 2. Nc3 d5 3. d3 c5 4. f4 Nc6 5. Nf3 g6 6. g3 Bg7 7. Bg2 Nf6 8. e5 Nd7
9. O-O f6 10. exf6 Nxf6 11. Re1 O-O 12. h3 Nh5 13. Kh2 Qd6 14. Qe2 Bd7 15. Nb5
Qb8 16. c4 a6 17. Nc3 Qd6 18. Ne5 Nd4 19. Qd1 Bc6 20. Nxc6 bxc6 21. Ne2 Rab8 22.
Nxd4 Bxd4 23. Qe2 Rf6 24. Rb1 Rbf8 25. Be3 Nxg3 26. Qg4 Bxe3 27. Rxe3 Nh5 28.
cxd5 cxd5 29. Rbe1 Nxf4 30. Qg3 Kg7 31. h4 e5 32. Rxe5 R8f7 33. Kg1 c4 34. dxc4
dxc4 35. R5e3 Qd4 36. Kh2 Qxb2 37. Re7 Qxg2+ 38. Qxg2 Nxg2 39. Kxg2 Rxe7 40.
Rxe7+ Rf7 41. Re6 Rc7 42. Re2 c3 43. Rc2 Kf6 44. Kf3 Kf5 45. a3 a5 46. a4 h5 47.
Rc1 c2 48. Ke3 Kg4 49. Ke4 Kxh4 50. Kf4 g5+ 51. Kf3 g4+ 52. Kf4 Rc4+ 53. Ke3 g3
54. Kf3 Rc3+ 55. Kg2 Kg4 56. Kf1 Kf3 57. Kg1 Ke2 58. Kg2 Kd2 0-1

[Event "Euro Online U2300 Day 1"]
[Site "chess.com INT"]
[Date "2020.05.25"]
[Round "6"]
[White "Prydun, Andriy"]
[Black "Iljushina, Olga"]
[Result "1-0"]
[WhiteTitle "FM"]
[BlackTitle "WGM"]
[WhiteElo "2254"]
[BlackElo "2132"]
[WhiteFideId "14145898"]
[BlackFideId "4152280"]
[EventDate "2020.05.25"]

1. d4 Nf6 2. Nc3 d5 3. Bf4 c6 4. e3 Bf5 5. Bd3 e6 6. Nge2 Bd6 7. Bxd6 Qxd6 8.
Ng3 Bg6 9. O-O Nbd7 10. e4 dxe4 11. Bxe4 Nxe4 12. Ncxe4 Qf4 13. Re1 h5 14. Qe2
h4 15. Nf1 Bh5 16. Qe3 Qxe3 17. Nxe3 Ke7 18. c3 Nf6 19. Nc5 b6 20. Nd3 g5 21. f3
Rac8 22. Ne5 c5 23. Rad1 cxd4 24. Rxd4 Rhd8 25. Nf5+ Kf8 26. Nc6 Rxd4 27. Nfxd4
a5 28. Re5 Nh7 29. Rb5 Re8 30. Rxb6 g4 31. fxg4 Bxg4 32. Ne5 Nf6 33. Ra6 Rb8 34.
b3 Rc8 35. Rc6 Ra8 36. a3 Bh5 37. h3 Nd5 38. Rc5 Nf4 39. Nec6 a4 40. b4 Bg6 41.
b5 Be4 42. b6 Bxg2 43. b7 Re8 44. Ra5 Bxh3 45. Ra8 1-0

[Event "Euro Online U2300 Day 1"]
[Site "chess.com INT"]
[Date "2020.05.25"]
[Round "6"]
[White "Hrabinska, Myroslava"]
[Black "Kujawski, Adam"]
[Result "1-0"]
[WhiteTitle "WGM"]
[BlackTitle "FM"]
[WhiteElo "2235"]
[BlackElo "2201"]
[WhiteFideId "14109190"]
[BlackFideId "1100920"]
[EventDate "2020.05.25"]

1. e4 e5 2. Nf3 Nc6 3. d4 exd4 4. c3 d5 5. exd5 Qxd5 6. cxd4 Bg4 7. Be2 Bb4+ 8.
Nc3 Bxf3 9. Bxf3 Qc4 10. Qb3 Qxb3 11. axb3 Nxd4 12. Bxb7 Nc2+ 13. Kd1 Nxa1 14.
Bc6+ Kd8 15. Bxa8 Nxb3 16. Be3 Bc5 17. Kc2 Bxe3 18. fxe3 Nc5 19. Ra1 Nf6 20. b4
Ncd7 21. Rxa7 Re8 22. e4 Re5 23. Bd5 Nb6 24. Bc6 Re6 25. b5 Ng4 26. Nd5 Nxd5 27.
exd5 Rf6 28. h3 Ne3+ 29. Kc3 Nxg2 30. d6 Rxd6 31. Bxg2 h5 32. Bc6 g5 33. Ra8+
Ke7 34. Rc8 f5 35. Rxc7+ Kf6 36. b6 1-0

[Event "Euro Online U2300 Day 1"]
[Site "chess.com INT"]
[Date "2020.05.25"]
[Round "6"]
[White "Tsirulnik, Maritsa"]
[Black "Garcia Dorado, Alberto"]
[Result "0-1"]
[BlackTitle "CM"]
[WhiteElo "2139"]
[BlackElo "2175"]
[WhiteFideId "14118688"]
[BlackFideId "2252244"]
[EventDate "2020.05.25"]

1. d4 d5 2. c4 e6 3. g3 Nf6 4. Bg2 Be7 5. Nf3 dxc4 6. O-O Nc6 7. Nc3 Rb8 8. a4
a6 9. e3 O-O 10. Ne5 Nxe5 11. dxe5 Nd7 12. f4 Nc5 13. Qe2 Qd3 14. Rd1 Qxe2 15.
Nxe2 Bd7 16. Nc3 Rfd8 17. Kf2 Be8 18. Ke2 f5 19. Bf3 g5 20. e4 fxe4 21. Nxe4
Nxe4 22. Rxd8 Nxg3+ 23. hxg3 Bxd8 24. Be3 gxf4 25. gxf4 Be7 26. Rg1+ Bg6 27. f5
exf5 28. Bd5+ Kf8 29. Bxc4 Rd8 30. Bh6+ Ke8 31. Be3 Bh5+ 32. Kf2 Bg4 33. Kg3 h5
34. Kf4 Kf8 35. Be6 Kg7 36. Rc1 c6 37. Rc4 Kg6 0-1

[Event "Euro Online U2300 Day 1"]
[Site "chess.com INT"]
[Date "2020.05.25"]
[Round "6"]
[White "Abdrlauf, Elham"]
[Black "Musovic, Armin"]
[Result "0-1"]
[WhiteTitle "FM"]
[BlackTitle "FM"]
[WhiteElo "2362"]
[BlackElo "2219"]
[WhiteFideId "1533533"]
[BlackFideId "939935"]
[EventDate "2020.05.25"]

1. e4 c6 2. d4 d5 3. Nd2 dxe4 4. Nxe4 Nf6 5. Nxf6+ exf6 6. c3 Bd6 7. Bd3 O-O 8.
Ne2 Re8 9. Qc2 Kh8 10. Be3 Nd7 11. O-O-O Nf8 12. Kb1 Qc7 13. h3 Be6 14. g4 Bd5
15. Rhg1 Bh2 16. Rge1 Bf3 17. Rd2 Qa5 18. c4 Rad8 19. Rc1 Ne6 20. b3 b5 21. Ka1
bxc4 22. Bxc4 Bd6 23. Rdd1 Ba3 24. Rb1 Nc7 25. Re1 Nd5 26. Bd2 Nb4 27. Qc3 Be4
28. Ng3 Bxb1 29. Rxb1 Rxd4 30. Be3 Rd7 31. Nf5 Qe5 32. Bd4 Rxd4 33. Nxd4 Qxd4
34. Qxd4 Nc2# 0-1

[Event "Euro Online U2300 Day 1"]
[Site "chess.com INT"]
[Date "2020.05.25"]
[Round "6"]
[White "Khachatryan, Veronika"]
[Black "Chaqryan, Erik"]
[Result "0-1"]
[WhiteElo "1869"]
[BlackElo "2231"]
[WhiteFideId "13310852"]
[BlackFideId "13312340"]
[EventDate "2020.05.25"]

1. d4 Nf6 2. c4 g6 3. Nc3 Bg7 4. e4 d6 5. Be2 O-O 6. Bg5 a6 7. Qd2 c6 8. a4 a5
9. h4 h5 10. f3 e5 11. d5 Na6 12. O-O-O Nc5 13. Qc2 Qb6 14. Kb1 Nb3 15. Bd3 Nd4
16. Qf2 Nh7 17. Be3 f5 18. Nge2 f4 19. Bc1 c5 20. Rhg1 Bd7 21. g4 fxg3 22. Qxg3
Be8 23. f4 Nf6 24. f5 Ng4 25. fxg6 Bxg6 26. Rge1 Rf3 27. Qg2 Raf8 28. Ng1 Rf2
29. Qg3 Qb3 30. Rf1 Bh6 31. Rxf2 Rxf2 32. Qxf2 Nxf2 0-1

[Event "Euro Online U2300 Day 1"]
[Site "chess.com INT"]
[Date "2020.05.25"]
[Round "6"]
[White "Romashov, Anton"]
[Black "Gavilan Diaz, Mario"]
[Result "0-1"]
[BlackTitle "FM"]
[WhiteElo "2070"]
[BlackElo "2278"]
[WhiteFideId "14116758"]
[BlackFideId "2260905"]
[EventDate "2020.05.25"]

1. Nf3 Nf6 2. g3 g6 3. Bg2 Bg7 4. O-O O-O 5. c4 d6 6. Nc3 e5 7. b3 Re8 8. Bb2
Nc6 9. d4 exd4 10. Nxd4 Bd7 11. Nd5 Nxd5 12. Bxd5 Qf6 13. e3 Nb4 14. Bxb7 Rab8
15. Bg2 c5 16. a3 Na6 17. Nc6 Qxb2 18. Nxb8 Nxb8 19. Qxd6 Qe5 20. Qd2 Qc7 21.
Rac1 Bc6 22. Rfd1 Bxg2 23. Kxg2 Nc6 24. Qd6 Qb7 25. Qd7 Qa8 26. Qd5 Bb2 27. Rc2
Bxa3 28. Kg1 h5 29. Qf3 Qc8 30. Rcd2 Ne5 31. Qf6 Qe6 32. Qxe6 Rxe6 33. Rd6 Re7
34. f4 Ng4 35. Ra6 Bb4 36. Rd8+ Kg7 37. Ra8 Rxe3 38. R8xa7 Re2 39. Rb6 Bc3 40.
Rbb7 Bd4+ 41. Kf1 Rf2+ 42. Ke1 Bc3+ 43. Kd1 Ne3+ 44. Kc1 Rf1# 0-1

[Event "Euro Online U2300 Day 1"]
[Site "chess.com INT"]
[Date "2020.05.25"]
[Round "6"]
[White "Padalka, Artem"]
[Black "Kalinina, Larisa"]
[Result "1-0"]
[BlackTitle "WIM"]
[WhiteElo "2203"]
[BlackElo "2131"]
[WhiteFideId "14118637"]
[BlackFideId "14106361"]
[EventDate "2020.05.25"]

1. e4 c5 2. Nf3 Nc6 3. d4 cxd4 4. Nxd4 Nf6 5. Nc3 d6 6. Bg5 Bd7 7. Qd2 Rc8 8.
O-O-O Nxd4 9. Qxd4 Qa5 10. Bxf6 gxf6 11. Kb1 Bg7 12. Nd5 Qc5 13. Qd2 f5 14. c3
fxe4 15. Qg5 Bf8 16. Qf4 f5 17. Be2 Be6 18. Bh5+ Kd7 19. Ne3 Bg7 20. g4 Be5 21.
Qh6 f4 22. Nc2 Qb6 23. Nd4 Bxd4 24. Rxd4 Rxc3 25. Rxe4 Bd5 26. Rxe7+ Kc6 27. Rd1
Rc5 28. Qg7 Rc8 29. Bf7 1-0

[Event "Euro Online U2300 Day 1"]
[Site "chess.com INT"]
[Date "2020.05.25"]
[Round "6"]
[White "Hulka, Valentyn"]
[Black "Hovsepyan, Vardan"]
[Result "1-0"]
[WhiteElo "1892"]
[BlackElo "2231"]
[WhiteFideId "34107061"]
[BlackFideId "13304291"]
[EventDate "2020.05.25"]

1. e4 e5 2. Nf3 Nc6 3. Bc4 Nf6 4. d3 Bc5 5. O-O a6 6. c3 Ba7 7. Bb3 h6 8. h3 O-O
9. Re1 d6 10. d4 Qe7 11. Bc2 b5 12. b3 Nb8 13. Bb2 c5 14. Nbd2 Nbd7 15. Nf1 c4
16. b4 Nh5 17. Ne3 Nf4 18. Nf5 Qf6 19. Bc1 Ng6 20. a4 exd4 21. N3xd4 Nh4 22. Qg4
Nxf5 23. Nxf5 Ne5 24. Qg3 Bxf5 25. exf5 Bb6 26. Kh2 Rfe8 27. Bf4 Bc7 28. Rad1
Rad8 29. Re2 Re7 30. Rd5 Rde8 31. Red2 Rb8 32. h4 Ree8 33. Qh3 Ng6 34. fxg6
Qxf4+ 35. g3 Qf3 36. Rf5 Qxc3 37. gxf7+ Kh8 38. fxe8=Q+ Rxe8 39. Rfd5 Rf8 40.
Qg2 Re8 41. axb5 axb5 42. Qh3 Rf8 43. Qe6 Bb6 44. Qg6 Kg8 45. Qh7+ Kf7 46. Rf5+
Ke7 47. Rxf8 Kxf8 48. Qf5+ Kg8 49. Qe6+ Kf8 50. Qxd6+ Kf7 51. Bg6+ 1-0

[Event "Euro Online U2300 Day 1"]
[Site "chess.com INT"]
[Date "2020.05.25"]
[Round "6"]
[White "Spirliadis, Achileas"]
[Black "Petrovic, Zvonko"]
[Result "0-1"]
[BlackTitle "FM"]
[WhiteElo "2149"]
[BlackElo "2145"]
[WhiteFideId "4215770"]
[BlackFideId "14500914"]
[EventDate "2020.05.25"]

1. d4 Nf6 2. c4 g6 3. Nc3 Bg7 4. e4 d6 5. Be2 O-O 6. Bg5 h6 7. Be3 Nbd7 8. Qd2
Kh7 9. g4 e5 10. g5 hxg5 11. d5 Nc5 12. Bxg5 Qe8 13. f3 a5 14. h4 Nh5 15. O-O-O
Bd7 16. f4 exf4 17. Bxh5 gxh5 18. Nf3 Nxe4 19. Qxf4 Nxc3 20. bxc3 f6 21. Rde1
Qg6 22. Re7 Bg4 23. Rg1 Bxf3 24. Bh6 Qxg1+ 25. Kb2 Rg8 26. Qxf3 Kxh6 27. Qf4+
Kh7 28. Qxf6 Qg6 29. Qf3 Raf8 30. Qe2 Rf7 31. Re6 Bf6 32. Ka3 Rgg7 33. Ka4 Re7
34. Kxa5 Rxe6 35. dxe6 Re7 36. Kb4 Bxh4 37. Qf3 c6 38. Qf4 Bg3 39. Qf3 h4 40. a4
h3 41. a5 Rxe6 42. a6 bxa6 43. Qxc6 h2 44. Ka5 Re1 45. Qd7+ Qg7 46. Qh3+ Kg8 47.
Qc8+ Qf8 48. Qg4+ Kf7 49. Qd7+ Qe7 50. Qf5+ Qf6 51. Qd5+ Kg6 52. Qg8+ Kf5 53.
Qh7+ Kg4 54. c5 h1=Q 55. Qd7+ Qf5 56. Qg7+ Kf3 57. Qb7+ Re4 58. Qb2 Qxc5+ 59.
Kxa6 Ra4+ 60. Kb7 0-1